000
00297nam a22001337a 4500
020
_a
1-9043-5159-X
082
_a
823
_b
HOR/T
100
_a
HORSLEY, LARRAINE
245
_a
WILD ANIMALS
260
_a
UK
_b
LADYBIRD
520
_a
ENGLISH SHORT STORY
650
_a
ENGLISH SHORT STORY
_z
UK
942
_c
BK
999
_c
4888
_d
4888